00854nam a2200193 i 450000100060000000300090000600500170001500700030003200800410003510000590007624502330013526000760036830000280044465000240047270000340049670000510053071000580058185200210063944457ES-MaACL20250901024353.0t|030321s1933 sp ||||1| spa d1 aCeballos y Fernández de Córdoba, Luis, d1896-196710aEstudio sobre la vegetación y la flora forestal de la provincia de Málaga / ctrabajo que se publica como complemento al mapa forestal de la misma por Luis Ceballos y Carlos Vicioso ; prólogo de Joaquín Mª Castellarnau. aMadrid : bInstituto Forestal de Investigaciones y Experiencias,c1933. a2 v. : bil. ; c27 cm. 4aBosques-zMálaga.1 aVicioso, Carlos (d1886-1968)1 aCastellarnau, Joaquín María de,d1848-19432 aInstituto Forestal de Investigaciones y Experiencias. aES-MaACLjA-3958